[Event "Niteroi op 2nd"]
[Site "Niteroi"]
[Date "2022.09.07"]
[Round "9"]
[White "Piccoli, Lucas Fonseca"]
[Black "Loureiro, Luiz R Vasconcelos"]
[Result "0-1"]
[WhiteElo "2156"]
[BlackElo "2334"]
[PlyCount "92"]
[EventDate "2022.09.01"]
[EventType "swiss"]
[EventRounds "9"]
[EventCountry "BRA"]
[SourceTitle "EXT 2024"]
[Source "ChessBase"]
[SourceDate "2023.10.10"]
[SourceVersion "1"]
[SourceVersionDate "2023.10.10"]
[SourceQuality "1"]

1. e4 c6 2. d4 d5 3. e5 Bf5 4. h4 h5 5. Bd3 Bxd3 6. Qxd3 e6 7. Bg5 Qa5+ 8. Nd2 Qa6 9. c4 Bb4 10. b3 Nd7 11. Ngf3 Ne7 12. 0-0 Nf5 13. Qc2 0-0 14. a3 Bxd2 15. Bxd2 dxc4 16. bxc4 Nb6 17. Rfc1 Rfd8 18. Be3 Rd7 19. a4 Nc8 20. Qe4 Nce7 21. Nd2 Rad8 22. Nb3 b6 23. a5 Qc8 24. axb6 axb6 25. Ra2 Rc7 26. Rca1 Qd7 27. Ra6 Rb8 28. Nd2 b5 29. cxb5 cxb5 30. Nf3 Qd5 31. Qd3 b4 32. R6a5 Qc4 33. Qd1 Nxe3 34. fxe3 b3 35. Ra8 Rcc8 36. Rxb8 Rxb8 37. Rc1 Qb4 38. Ng5 b2 39. Rb1 Qc3 40. Qxh5 Qxe3+ 41. Kh2 Qf4+ 42. Kh1 Qf5 43. Qd1 Nd5 44. Qe1 Nc3 45. Qxc3 Qxb1+ 46. Kh2 Qf5 0-1

[Event "Niteroi op 2nd"]
[Site "Niteroi"]
[Date "2022.09.06"]
[Round "8"]
[White "Loureiro, Luiz R Vasconcelos"]
[Black "Souza dos Santos, Matheus Garcett"]
[Result "1-0"]
[WhiteElo "2334"]
[BlackElo "1988"]
[PlyCount "81"]
[EventDate "2022.09.01"]
[EventType "swiss"]
[EventRounds "9"]
[EventCountry "BRA"]
[SourceTitle "EXT 2024"]
[Source "ChessBase"]
[SourceDate "2023.10.10"]
[SourceVersion "1"]
[SourceVersionDate "2023.10.10"]
[SourceQuality "1"]

1. d4 Nf6 2. c4 g6 3. Nc3 Bg7 4. e4 d6 5. Be2 0-0 6. Bg5 Na6 7. Qd2 e5 8. d5 c6 9. f3 h6 10. Be3 Nh5 11. g3 cxd5 12. cxd5 Kh7 13. Bd3 f5 14. exf5 gxf5 15. Nge2 Nc5 16. Bc2 Nf6 17. 0-0 a5 18. Kh1 Bd7 19. g4 e4 20. Ng3 Rc8 21. Nxf5 Bxf5 22. gxf5 Nfd7 23. Nxe4 Nxe4 24. f6 Qxf6 25. Bxe4+ Kh8 26. Rad1 Nc5 27. Bb1 Rce8 28. Bxc5 dxc5 29. Qd3 Kg8 30. d6 Re5 31. f4 Rh5 32. Rd2 Rd8 33. a4 Kf8 34. Qf3 Qf7 35. Ba2 c4 36. Qe4 Rc5 37. Qe7+ Qxe7 38. dxe7+ Kxe7 39. Re1+ Be5 40. Rxd8 Kxd8 41. Rxe5 1-0

[Event "Niteroi op 2nd"]
[Site "Niteroi"]
[Date "2022.09.05"]
[Round "7"]
[White "Mendes Domingues, Ribeiro Matheus"]
[Black "Loureiro, Luiz R Vasconcelos"]
[Result "1-0"]
[WhiteElo "2142"]
[BlackElo "2334"]
[PlyCount "101"]
[EventDate "2022.09.01"]
[EventType "swiss"]
[EventRounds "9"]
[EventCountry "BRA"]
[SourceTitle "CBM 210 Extra"]
[Source "ChessBase"]
[SourceDate "2022.11.30"]
[SourceVersion "1"]
[SourceVersionDate "2022.11.30"]
[SourceQuality "1"]

1. c4 c6 2. Nf3 d5 3. e3 Nf6 4. Nc3 a6 5. d4 e6 6. b3 Nbd7 7. Be2 Bd6 8. 0-0 Qe7 9. Bb2 0-0 10. Qc2 dxc4 11. Bxc4 c5 12. Ne4 Nxe4 13. Qxe4 Nb6 14. dxc5 Bxc5 15. Rac1 Nxc4 16. Rxc4 f5 17. Qc2 b6 18. Bd4 Bb7 19. Bxc5 bxc5 20. Ne5 Rac8 21. Rc1 Rfd8 22. h3 Rd5 23. Nf3 Rcd8 24. Rxc5 Rxc5 25. Qxc5 Rd1+ 26. Kh2 Qxc5 27. Rxc5 Bxf3 28. gxf3 Rd2 29. Ra5 Rxf2+ 30. Kg3 Re2 31. Kf4 Kf7 32. Rxa6 Kf6 33. h4 h6 34. h5 Rh2 35. Kg3 Re2 36. a4 Rxe3 37. Rb6 Kg5 38. a5 f4+ 39. Kf2 Rc3 40. Rb5+ Kh4 41. Rb4 Rc2+ 42. Ke1 Kg3 43. a6 Rc7 44. Ra4 Kxf3 45. a7 Ke3 46. Kd1 Rd7+ 47. Kc2 Rc7+ 48. Kb2 Rxa7 49. Rxa7 f3 50. b4 f2 51. Rf7 1-0

[Event "Niteroi op 2nd"]
[Site "Niteroi"]
[Date "2022.09.04"]
[Round "5"]
[White "Dias, Simao Poscidonio"]
[Black "Loureiro, Luiz R Vasconcelos"]
[Result "1/2-1/2"]
[WhiteElo "2060"]
[BlackElo "2334"]
[PlyCount "67"]
[EventDate "2022.09.01"]
[EventType "swiss"]
[EventRounds "9"]
[EventCountry "BRA"]
[SourceTitle "CBM 210 Extra"]
[Source "ChessBase"]
[SourceDate "2022.11.30"]
[SourceVersion "1"]
[SourceVersionDate "2022.11.30"]
[SourceQuality "1"]

1. e4 Nf6 2. e5 Nd5 3. c4 Nb6 4. c5 Nd5 5. Nc3 Nxc3 6. dxc3 d5 7. cxd6 exd6 8. Nf3 Nc6 9. Bb5 Bd7 10. exd6 Bxd6 11. Bg5 f6 12. Be3 Ne5 13. Nxe5 Bxe5 14. Bd3 Qe7 15. Qc2 0-0-0 16. 0-0-0 Kb8 17. Bxh7 Bc6 18. Rxd8+ Rxd8 19. f4 Bd6 20. Re1 Qf7 21. Kb1 Qh5 22. g3 Rh8 23. Be4 Qxh2 24. Bxc6 Qxc2+ 25. Kxc2 bxc6 26. Kd3 Rh3 27. Rg1 f5 28. Rg2 a6 29. Kc4 Kc8 30. Bd4 g6 31. Bf6 Kd7 32. Bg5 Rh1 33. Re2 Rh3 34. Rg2 1/2-1/2

[Event "Rio de Janeiro Estadual-ch"]
[Site "Rio de Janeiro"]
[Date "2018.09.22"]
[Round "2"]
[White "Campos, Alexandre Ferreira"]
[Black "Loureiro, Luiz R Vasconcelos"]
[Result "0-1"]
[WhiteElo "2089"]
[BlackElo "2328"]
[PlyCount "98"]
[EventDate "2018.09.22"]
[EventType "swiss"]
[EventRounds "6"]
[EventCountry "BRA"]
[SourceTitle "EXT 2020"]
[Source "ChessBase"]
[SourceDate "2019.10.17"]
[SourceVersion "1"]
[SourceVersionDate "2019.10.17"]
[SourceQuality "1"]

1. Nf3 Nf6 2. c4 c6 3. d4 d5 4. Nc3 dxc4 5. e3 b5 6. a4 b4 7. Na2 e6 8. Bxc4 Nbd7 9. b3 Bb7 10. Bb2 Be7 11. Nc1 0-0 12. 0-0 c5 13. a5 Rc8 14. h3 Bd5 15. Ba6 Rc6 16. Bb5 Rc7 17. Nd3 Qb8 18. Ba4 c4 19. bxc4 Bxc4 20. Bb3 Ba6 21. Re1 Rd8 22. Nfe5 Qb7 23. f4 Nxe5 24. Nxe5 Qe4 25. Qf3 Bb7 26. Rac1 Rdc8 27. Rxc7 Rxc7 28. Qf2 Ne8 29. Kh2 Nd6 30. Qd2 Nf5 31. Nf3 h6 32. Re2 Nd6 33. Bc2 Qd5 34. Ne5 Ne4 35. Qd3 Qxa5 36. f5 exf5 37. Bb3 Bd5 38. Rc2 Bd6 39. Rxc7 Bxc7 40. Bxd5 Qxd5 41. Qa6 Qe6 42. Qxa7 Bd6 43. Kg1 Qb3 44. Qa1 Qxe3+ 45. Kh1 Nf2+ 46. Kh2 Nd3 47. Qa8+ Kh7 48. Qd5 Bxe5+ 49. dxe5 Nxb2 0-1

[Event "Botucatu JAI"]
[Site "Botucatu"]
[Date "2005.10.??"]
[Round "1"]
[White "Loureiro, Luiz R Vasconcelos"]
[Black "Disconzi da Silva, Rodrigo"]
[Result "1-0"]
[WhiteElo "2328"]
[BlackElo "2389"]
[PlyCount "97"]
[EventDate "2005.10.11"]
[EventType "team-tourn"]
[EventRounds "7"]
[EventCountry "BRA"]
[SourceTitle "EXT 2022"]
[Source "ChessBase"]
[SourceDate "2021.10.06"]
[SourceVersion "1"]
[SourceVersionDate "2021.10.06"]
[SourceQuality "1"]
[WhiteTeam "Americana"]
[BlackTeam "Sao Jose do Rio Preto"]
[WhiteTeamCountry "BRA"]
[BlackTeamCountry "BRA"]

1. d4 Nf6 2. c4 e6 3. Nc3 Bb4 4. e3 c5 5. Bd3 d5 6. cxd5 Nxd5 7. Nge2 cxd4 8. exd4 Nc6 9. a3 Bd6 10. Ne4 Be7 11. 0-0 0-0 12. Bc2 Qc7 13. Qd3 Rd8 14. Ng5 f5 15. Bb3 Bf6 16. Rd1 Nce7 17. g3 h6 18. Nf3 Bd7 19. Bf4 Qb6 20. Bc4 Rac8 21. Be5 Kf7 22. Nf4 a6 23. Re1 Nxf4 24. Bxf4 Bb5 25. Bxb5 Qxb5 26. Qe3 Qb6 27. Be5 Nd5 28. Qe2 Rc6 29. Bxf6 gxf6 30. Rac1 Rdc8 31. Rxc6 Rxc6 32. Nh4 Kg7 33. Qh5 Ne7 34. Qe8 Rc7 35. d5 Qa5 36. Rd1 exd5 37. Nf3 Qb5 38. Qb8 Qd7 39. Nd4 Rc4 40. Qf4 Kg6 41. b3 Rc8 42. h4 h5 43. Qf3 Kh6 44. Re1 Re8 45. Re6 Kg6 46. Qf4 Rg8 47. Qg5+ Kh7 48. Qxh5+ Kg7 49. Rxe7+ 1-0

[Event "Rio de Janeiro-ch Absoluto 04"]
[Site "Rio de Janeiro"]
[Date "2005.01.30"]
[Round "6"]
[White "Toledano, Jose"]
[Black "Loureiro, Luiz R Vasconcelos"]
[Result "1/2-1/2"]
[WhiteElo "2002"]
[BlackElo "2359"]
[PlyCount "54"]
[EventDate "2005.01.22"]
[EventType "swiss"]
[EventRounds "6"]
[EventCountry "BRA"]
[SourceTitle "EXT 2007"]
[Source "ChessBase"]
[SourceDate "2006.11.23"]
[SourceVersion "1"]
[SourceVersionDate "2006.11.23"]
[SourceQuality "1"]

1. d4 f5 2. c4 Nf6 3. Nc3 d6 4. Nf3 g6 5. g3 Bg7 6. Bg2 0-0 7. 0-0 Nc6 8. b3 a6 9. Bb2 Rb8 10. Rc1 Bd7 11. e3 b5 12. Qe2 b4 13. Nd5 Ne4 14. Nd2 Nxd2 15. Qxd2 g5 16. c5 e6 17. cxd6 cxd6 18. Nf4 gxf4 19. Bxc6 fxe3 20. Qxe3 Rc8 21. Bxd7 Qxd7 22. Rxc8 Rxc8 23. Rc1 d5 24. h3 Rc6 25. Qd3 Qc8 26. Rxc6 Qxc6 27. Kf1 Bh6 1/2-1/2

[Event "Rio de Janeiro-ch Absoluto 04"]
[Site "Rio de Janeiro"]
[Date "2005.01.23"]
[Round "2"]
[White "Porto, Cristiano Nogueira"]
[Black "Loureiro, Luiz R Vasconcelos"]
[Result "1/2-1/2"]
[WhiteElo "2226"]
[BlackElo "2359"]
[PlyCount "59"]
[EventDate "2005.01.22"]
[EventType "swiss"]
[EventRounds "6"]
[EventCountry "BRA"]
[SourceTitle "EXT 2007"]
[Source "ChessBase"]
[SourceDate "2006.11.23"]
[SourceVersion "1"]
[SourceVersionDate "2006.11.23"]
[SourceQuality "1"]

1. e4 c5 2. c3 Nc6 3. d4 d5 4. e5 Bf5 5. Bd3 Bxd3 6. Qxd3 e6 7. Nf3 Rc8 8. Bf4 cxd4 9. Nxd4 Nge7 10. 0-0 Ng6 11. Nxc6 Nxf4 12. Qf3 Rxc6 13. Qxf4 Be7 14. Qg3 0-0 15. Nd2 d4 16. Ne4 dxc3 17. Nxc3 Qd2 18. Rab1 Rfc8 19. Rfd1 Qc2 20. h3 a6 21. Qf4 Rc4 22. Qf3 R8c7 23. Rdc1 Qg6 24. Rd1 h5 25. Rd3 Qg5 26. Re1 Bb4 27. Ree3 Bc5 28. Re4 Rxe4 29. Qxe4 g6 30. Ne2 1/2-1/2

[Event "BRA Southeast Region"]
[Site "Rio de Janeiro"]
[Date "2002.08.??"]
[Round "5"]
[White "Loureiro, Luiz R Vasconcelos"]
[Black "Guimaraes, Wagner Peixoto"]
[Result "1/2-1/2"]
[WhiteElo "2342"]
[BlackElo "2272"]
[PlyCount "98"]
[EventDate "2002.08.02"]
[EventType "swiss"]
[EventRounds "6"]
[EventCountry "BRA"]
[SourceTitle "EXT 2022"]
[Source "ChessBase"]
[SourceDate "2021.10.06"]
[SourceVersion "1"]
[SourceVersionDate "2021.10.06"]
[SourceQuality "1"]

1. d4 Nf6 2. c4 g6 3. Nc3 d5 4. Nf3 Bg7 5. cxd5 Nxd5 6. e4 Nxc3 7. bxc3 0-0 8. Be3 c5 9. Qd2 Qa5 10. Rc1 Bg4 11. d5 Bxf3 12. gxf3 Nd7 13. c4 Qa3 14. f4 f5 15. exf5 gxf5 16. Bd3 Rf6 17. Rg1 Rg6 18. Rg3 Rf8 19. Qc2 e6 20. dxe6 Rxe6 21. Kf1 Ref6 22. Rg5 h6 23. Rxf5 Qa6 24. Rd5 Qe6 25. f5 Qf7 26. Be4 Kh8 27. Rcd1 Nb6 28. Rxc5 Qh5 29. Bf4 Qh3+ 30. Bg2 Qg4 31. Be3 Rxf5 32. Rxf5 Rxf5 33. Rd8+ Rf8 34. Rxf8+ Bxf8 35. Bxb7 Nxc4 36. Bxa7 Bb4 37. f3 Qf4 38. Qd3 Qc1+ 39. Kg2 Qg5+ 40. Kh1 Ne5 41. Qd4 Qc1+ 42. Qg1 Qd2 43. Bd4 Bd6 44. Qe3 Qd1+ 45. Kg2 Qc2+ 46. Kh1 Qxa2 47. Qf2 Qxf2 48. Bxf2 Kg8 49. Bd5+ Kf8 1/2-1/2

[Event "Mario Covas 2nd"]
[Site "Santos"]
[Date "2002.02.28"]
[Round "9"]
[White "Loureiro, Luiz R Vasconcelos"]
[Black "Sega, Carlos Alberto"]
[Result "1-0"]
[WhiteElo "2358"]
[BlackElo "2291"]
[PlyCount "69"]
[EventDate "2002.02.20"]
[EventType "tourn"]
[EventRounds "9"]
[EventCountry "BRA"]
[EventCategory "9"]
[SourceTitle "CBM 088"]
[Source "ChessBase"]
[SourceDate "2002.03.21"]
[SourceVersion "1"]
[SourceVersionDate "2002.03.21"]
[SourceQuality "1"]

1. d4 Nf6 2. c4 e6 3. Nc3 Bb4 4. e3 Ne4 5. Bd2 Nxd2 6. Qxd2 0-0 7. Nf3 f5 8. Be2 b6 9. a3 Bd6 10. 0-0 Bb7 11. b4 Rf6 12. g3 Qe8 13. Ne5 g5 14. f4 g4 15. Rfe1 Be7 16. Bf1 d6 17. Bg2 c6 18. Nd3 d5 19. b5 dxc4 20. Ne5 a6 21. e4 axb5 22. exf5 b4 23. axb4 Rxa1 24. Rxa1 exf5 25. Ra7 Bc8 26. d5 Bxb4 27. dxc6 Rd6 28. Qb2 Bc5+ 29. Kf1 b5 30. Bd5+ Be6 31. Bxe6+ Rxe6 32. Ra8 Rxe5 33. fxe5 Qxc6 34. Rxb8+ Kg7 35. Qg2 1-0

[Event "Mario Covas 2nd"]
[Site "Santos"]
[Date "2002.02.26"]
[Round "7"]
[White "Loureiro, Luiz R Vasconcelos"]
[Black "Disconzi da Silva, Rodrigo"]
[Result "1-0"]
[WhiteElo "2358"]
[BlackElo "2415"]
[PlyCount "75"]
[EventDate "2002.02.20"]
[EventType "tourn"]
[EventRounds "9"]
[EventCountry "BRA"]
[EventCategory "9"]
[SourceTitle "CBM 088"]
[Source "ChessBase"]
[SourceDate "2002.03.21"]
[SourceVersion "1"]
[SourceVersionDate "2002.03.21"]
[SourceQuality "1"]

1. d4 d5 2. c4 dxc4 3. Nf3 Nf6 4. e3 g6 5. Bxc4 Bg7 6. Nc3 0-0 7. 0-0 Ne8 8. a3 Nd6 9. Ba2 b6 10. e4 Bb7 11. Re1 e6 12. Bg5 Qd7 13. e5 h6 14. Bf4 Nb5 15. Ne4 Bxe4 16. Rxe4 c6 17. Qd2 h5 18. Bg5 Na6 19. Rae1 Nbc7 20. Qf4 Nd5 21. Qh4 Nac7 22. g4 hxg4 23. Rxg4 f5 24. exf6 Bxf6 25. Bb1 Qg7 26. Ne5 Bxe5 27. dxe5 Rf5 28. Bxf5 exf5 29. Bf6 Qh7 30. Qxh7+ Kxh7 31. Rc4 c5 32. Rd1 Kg8 33. b4 Kf7 34. bxc5 b5 35. Rh4 Ke6 36. Rh7 f4 37. c6 Nc3 38. Rd6+ 1-0

[Event "Mario Covas 2nd"]
[Site "Santos"]
[Date "2002.02.24"]
[Round "5"]
[White "Loureiro, Luiz R Vasconcelos"]
[Black "Lima, Darcy Gustavo Macha"]
[Result "1/2-1/2"]
[WhiteElo "2358"]
[BlackElo "2540"]
[PlyCount "101"]
[EventDate "2002.02.20"]
[EventType "tourn"]
[EventRounds "9"]
[EventCountry "BRA"]
[EventCategory "9"]
[SourceTitle "CBM 088"]
[Source "ChessBase"]
[SourceDate "2002.03.21"]
[SourceVersion "1"]
[SourceVersionDate "2002.03.21"]
[SourceQuality "1"]

1. d4 Nf6 2. c4 g6 3. Nc3 d5 4. Nf3 Bg7 5. Bg5 c6 6. Bxf6 Bxf6 7. cxd5 cxd5 8. Qb3 e6 9. e3 0-0 10. Be2 Nc6 11. 0-0 Rb8 12. Rfc1 Bd7 13. Qd1 Qe7 14. a3 Rfc8 15. Nd2 Qe8 16. Nb3 Ne7 17. Nc5 Bc6 18. Nd3 Qd8 19. Nb1 Nf5 20. Nd2 Nd6 21. Ne5 Be8 22. Rxc8 Rxc8 23. Rc1 Rc7 24. g3 Ba4 25. Qf1 Qc8 26. Rxc7 Qxc7 27. Bd3 Be7 28. h4 Be8 29. Qd1 h5 30. Qb1 Kg7 31. Kg2 Qc8 32. Ndf3 Nf5 33. Bc2 Bd6 34. Bxf5 gxf5 35. Nd3 f6 36. Qd1 Bf7 37. Nf4 Kh6 38. Qd2 Kg7 39. Qd1 Qc6 40. Kg1 e5 41. Ne2 Qb5 42. Qc2 Qc4 43. Nc3 Bg6 44. Qd1 Bf7 45. dxe5 fxe5 46. Ng5 Bg8 47. Qxh5 d4 48. exd4 exd4 49. Nd1 Qc6 50. Nf3 Qd5 51. Qg5+ 1/2-1/2

[Event "Sao Paulo-ch 7th leg"]
[Site "Sao Paulo"]
[Date "2002.??.??"]
[Round "4"]
[White "Costa, Giovanni de Almeida"]
[Black "Loureiro, Luiz R Vasconcelos"]
[Result "1/2-1/2"]
[WhiteElo "1991"]
[BlackElo "2342"]
[PlyCount "28"]
[EventDate "2002.08.23"]
[EventType "swiss"]
[EventRounds "5"]
[EventCountry "BRA"]
[SourceTitle "EXT 2003"]
[Source "ChessBase"]
[SourceDate "2002.11.25"]
[SourceVersion "1"]
[SourceVersionDate "2002.11.25"]
[SourceQuality "1"]

1. d4 Nf6 2. Nf3 g6 3. Bg5 Bg7 4. Nbd2 h6 5. Bxf6 Bxf6 6. e4 d6 7. c3 Nc6 8. Bd3 e5 9. d5 Ne7 10. 0-0 0-0 11. b4 Bg7 12. c4 f5 13. c5 f4 14. Rc1 g5 1/2-1/2

[Event "Sao Paulo-ch fin"]
[Site "Serra Negra"]
[Date "2002.??.??"]
[Round "?"]
[White "Loureiro, Luiz R Vasconcelos"]
[Black "Borges, Leomar Barbero"]
[Result "1/2-1/2"]
[WhiteElo "2339"]
[BlackElo "2227"]
[PlyCount "26"]
[EventDate "2002.05.30"]
[EventType "swiss"]
[EventRounds "9"]
[EventCountry "BRA"]
[SourceTitle "CBM 088 Extra"]
[Source "ChessBase"]
[SourceDate "2002.07.01"]
[SourceVersion "2"]
[SourceVersionDate "2002.07.01"]
[SourceQuality "1"]

1. d4 Nf6 2. c4 c5 3. d5 e5 4. Nc3 d6 5. e4 Be7 6. h3 Nbd7 7. Nf3 Nf8 8. Be3 h5 9. Be2 Ng6 10. Qc2 h4 11. Nh2 Nh5 12. Bxh5 Rxh5 13. Nf3 Bf6 1/2-1/2

[Event "Sao Paulo-ch fin"]
[Site "Serra Negra"]
[Date "2002.??.??"]
[Round "?"]
[White "Loureiro, Luiz R Vasconcelos"]
[Black "Mekhitarian, Krikor Sevag"]
[Result "1/2-1/2"]
[WhiteElo "2339"]
[BlackElo "2196"]
[PlyCount "34"]
[EventDate "2002.05.30"]
[EventType "swiss"]
[EventRounds "9"]
[EventCountry "BRA"]
[SourceTitle "CBM 088 Extra"]
[Source "ChessBase"]
[SourceDate "2002.07.01"]
[SourceVersion "2"]
[SourceVersionDate "2002.07.01"]
[SourceQuality "1"]

1. d4 Nf6 2. c4 g6 3. Nc3 d5 4. cxd5 Nxd5 5. e4 Nxc3 6. bxc3 Bg7 7. Be3 0-0 8. Qd2 c5 9. Rc1 Qa5 10. Nf3 Rd8 11. d5 Bg4 12. Be2 Nd7 13. 0-0 Nf6 14. Qc2 e6 15. c4 Bxf3 16. Bxf3 e5 17. Bg5 Rd7 1/2-1/2

[Event "Sao Paulo-ch 7th leg"]
[Site "Sao Paulo"]
[Date "2002.??.??"]
[Round "3"]
[White "Loureiro, Luiz R Vasconcelos"]
[Black "Pereira, Jorge A Viveiros"]
[Result "1-0"]
[WhiteElo "2342"]
[BlackElo "2116"]
[PlyCount "85"]
[EventDate "2002.08.23"]
[EventType "swiss"]
[EventRounds "5"]
[EventCountry "BRA"]
[SourceTitle "EXT 2003"]
[Source "ChessBase"]
[SourceDate "2002.11.25"]
[SourceVersion "1"]
[SourceVersionDate "2002.11.25"]
[SourceQuality "1"]

1. d4 Nf6 2. c4 g6 3. Nc3 Bg7 4. Nf3 d6 5. h3 0-0 6. Bf4 c5 7. d5 Na6 8. e4 Nc7 9. Bd3 a6 10. a4 b6 11. 0-0 Bd7 12. Qe2 Nfe8 13. e5 Qc8 14. Ne4 b5 15. exd6 exd6 16. Nxd6 Nxd6 17. Bxd6 Re8 18. Qd2 bxa4 19. Rac1 Rb8 20. Rc2 Rb3 21. Bxc5 Bxh3 22. Ne1 Bf5 23. Be3 Bxd3 24. Nxd3 a3 25. bxa3 Rxa3 26. Rd1 Qg4 27. d6 Bc3 28. Rxc3 Rxc3 29. dxc7 Rxc4 30. Nc5 Rxe3 31. Qd8+ Kg7 32. c8Q Qxc8 33. Qxc8 Rec3 34. Ne6+ fxe6 35. Rd7+ Kh6 36. Qf8+ Kg5 37. Rxh7 Rc8 38. Qh6+ Kf5 39. Rf7+ Ke5 40. Qf4+ Kd5 41. Rd7+ Kc5 42. Qd4+ Kc6 43. Rd6+ 1-0

[Event "BRA-ch"]
[Site "Sao Paulo"]
[Date "2001.12.23"]
[Round "9"]
[White "Loureiro, Luiz R Vasconcelos"]
[Black "Lima, Darcy Gustavo Macha"]
[Result "0-1"]
[WhiteElo "2353"]
[BlackElo "2543"]
[PlyCount "48"]
[EventDate "2001.12.17"]
[EventType "swiss"]
[EventRounds "9"]
[EventCountry "BRA"]
[SourceTitle "CBM 085 Extra"]
[Source "ChessBase"]
[SourceDate "2002.01.21"]
[SourceVersion "1"]
[SourceVersionDate "2002.01.21"]
[SourceQuality "1"]

1. d4 Nf6 2. c4 e6 3. Nc3 d5 4. cxd5 Nxd5 5. Nf3 c5 6. e3 Nc6 7. Bd3 cxd4 8. exd4 Be7 9. 0-0 0-0 10. a3 Bf6 11. Bc2 Nxc3 12. bxc3 b6 13. Qd3 g6 14. Re1 Bb7 15. h4 Rc8 16. Bg5 Bxg5 17. Nxg5 Ne7 18. Qh3 Nd5 19. Be4 Rxc3 20. Qh2 Qc7 21. g3 Nf6 22. Bxb7 Qxb7 23. Qg2 Qxg2+ 24. Kxg2 Rfc8 0-1

[Event "BRA-ch"]
[Site "Sao Paulo"]
[Date "2001.12.19"]
[Round "4"]
[White "Loureiro, Luiz R Vasconcelos"]
[Black "Bittencourt, Jorge Humberto M"]
[Result "0-1"]
[WhiteElo "2353"]
[BlackElo "2264"]
[PlyCount "90"]
[EventDate "2001.12.17"]
[EventType "swiss"]
[EventRounds "9"]
[EventCountry "BRA"]
[SourceTitle "CBM 085 Extra"]
[Source "ChessBase"]
[SourceDate "2002.01.21"]
[SourceVersion "1"]
[SourceVersionDate "2002.01.21"]
[SourceQuality "1"]

1. d4 Nf6 2. c4 g6 3. Nc3 d5 4. Nf3 Bg7 5. Qb3 dxc4 6. Qxc4 0-0 7. e4 a6 8. e5 b5 9. Qb3 Nfd7 10. Be3 c5 11. e6 c4 12. exf7+ Rxf7 13. Qd1 Nb6 14. Ne5 Rf8 15. h4 N8d7 16. h5 Qe8 17. hxg6 hxg6 18. a4 Bb7 19. Qg4 Nxe5 20. dxe5 Nd5 21. Qh3 Nxe3 22. Qh7+ Kf7 23. fxe3 Rh8 24. Bxc4+ bxc4 25. Rf1+ Ke6 26. Qxg7 Qg8 27. Rf6+ exf6 28. Qxf6+ Kd7 29. 0-0-0+ Kc8 30. e6 Bc6 31. Rd6 Rh1+ 32. Kc2 Qe8 33. e7 Kc7 34. Qe5 Kb7 35. a5 Rh5 36. Qg7 Kc7 37. Rxg6 Rxa5 38. Rf6 Kb6 39. Rd6 Rc8 40. Qf6 Rc7 41. e4 Kb7 42. Re6 Rh5 43. Nd5 Bxd5 44. exd5 Rxd5 45. Rxa6 Qxe7 0-1

[Event "BRA sf"]
[Site "Brazil"]
[Date "2001.??.??"]
[Round "?"]
[White "Coelho, Luis Henrique"]
[Black "Loureiro, Luiz R Vasconcelos"]
[Result "1/2-1/2"]
[WhiteElo "2190"]
[BlackElo "2347"]
[PlyCount "56"]
[EventDate "2001.??.??"]
[EventType "swiss"]
[EventRounds "9"]
[EventCountry "BRA"]
[SourceTitle "EXT 2003"]
[Source "ChessBase"]
[SourceDate "2002.11.25"]
[SourceVersion "1"]
[SourceVersionDate "2002.11.25"]
[SourceQuality "1"]

1. e4 c6 2. d4 d5 3. e5 Bf5 4. Nc3 Qb6 5. Nf3 e6 6. Be2 Nd7 7. 0-0 Ne7 8. b3 Bg4 9. Na4 Qc7 10. Ba3 Nf5 11. Bxf8 Rxf8 12. Qd2 0-0-0 13. b4 f6 14. exf6 Rxf6 15. Nc5 Nxc5 16. bxc5 Rdf8 17. Rae1 Bxf3 18. Bxf3 Rg6 19. g3 Nxd4 20. Bxd5 Rd8 21. Qxd4 Rxd5 22. Qc3 Qe7 23. Re5 Rxe5 24. Qxe5 Rg5 25. Qe4 h6 26. Re1 Rxc5 27. Qg4 Rg5 28. Rxe6 Rxg4 1/2-1/2

[Event "Vince Toth Memorial 3rd"]
[Site "Rio de Janeiro"]
[Date "2001.??.??"]
[Round "5"]
[White "Crosa Coll, Martin"]
[Black "Loureiro, Luiz R Vasconcelos"]
[Result "0-1"]
[WhiteElo "2302"]
[BlackElo "2347"]
[PlyCount "94"]
[EventDate "2001.??.??"]
[EventType "tourn"]
[EventRounds "9"]
[EventCountry "BRA"]
[EventCategory "4"]
[SourceTitle "EXT 2002"]
[Source "ChessBase"]
[SourceDate "2001.11.25"]
[SourceVersion "1"]
[SourceVersionDate "2001.11.25"]
[SourceQuality "1"]

1. e4 c6 2. d4 d5 3. e5 Bf5 4. Nc3 Qb6 5. g4 Bd7 6. Na4 Qc7 7. Be3 e6 8. f4 Na6 9. Bxa6 Qa5+ 10. Nc3 Qxa6 11. Qf3 h5 12. gxh5 Nh6 13. Nge2 0-0-0 14. a3 Nf5 15. Ng3 Nh6 16. Qe2 Qxe2+ 17. Ncxe2 Be7 18. Kd2 b6 19. c3 Kb7 20. b4 Ra8 21. Nc1 a5 22. Nb3 axb4 23. cxb4 Rxa3 24. Kc3 Rha8 25. Rxa3 Rxa3 26. Ra1 Ra6 27. Rxa6 Kxa6 28. Na1 Kb5 29. Nc2 Ka4 30. Bg1 Bc8 31. Be3 Nf5 32. Nxf5 exf5 33. Bc1 Ba6 34. Ba3 Be2 35. Kd2 Bc4 36. Kc3 Bf1 37. Ne3 Kxa3 38. Nxf1 Bxb4+ 39. Kc2 Ka2 40. Ne3 b5 41. Nxf5 Bf8 42. Ne3 b4 43. Nd1 b3+ 44. Kd3 Bb4 45. f5 b2 46. Nxb2 Kxb2 47. f6 gxf6 0-1

[Event "Vince Toth Memorial 3rd"]
[Site "Rio de Janeiro"]
[Date "2001.??.??"]
[Round "4"]
[White "Loureiro, Luiz R Vasconcelos"]
[Black "Needleman, Alejandro"]
[Result "1-0"]
[WhiteElo "2347"]
[BlackElo "2382"]
[PlyCount "45"]
[EventDate "2001.??.??"]
[EventType "tourn"]
[EventRounds "9"]
[EventCountry "BRA"]
[EventCategory "4"]
[SourceTitle "EXT 2002"]
[Source "ChessBase"]
[SourceDate "2001.11.25"]
[SourceVersion "1"]
[SourceVersionDate "2001.11.25"]
[SourceQuality "1"]

1. d4 Nf6 2. c4 c5 3. d5 b5 4. cxb5 a6 5. b6 Qxb6 6. Nc3 g6 7. e4 d6 8. a4 Qb4 9. Bd3 Bg7 10. Nge2 e6 11. 0-0 exd5 12. Nb5 axb5 13. Bd2 Qxb2 14. Bc3 Qxa1 15. Qxa1 d4 16. Nxd4 cxd4 17. Bxd4 Ke7 18. e5 dxe5 19. Qa3+ Ke6 20. Bxe5 Ne8 21. Bxg7 Nxg7 22. Re1+ Kd7 23. Qe7+ 1-0